01000cam a22002771i 4500001000800000005001700008008004100025010001700066035001900083040003500102042001200137050001700149082001700166100004100183245008000224250002800304260003500332300002000367440004800387500003400435504004100469650002900510942001200539999001700551952015400568788458420050803185610.0790622s1960 enk | b 000 0 eng d a 48012771  a(OCoLC)5094449 aDLCcICarbS-LdOCoLCdCLUdDLC apremarc00aJX3275b.S32 a341bSCH2221 aSchwarzenberger, Georg,d1908-9961812aA Manual of International Law.Volume 1/bBy Georg SchwarzenbergerpVolume 1 a4th ed.bin two volumes aLondon:bStevens & Sons,c1960 a382 p.;c22 cm. 4aThe Library of world affairs ;vno. 199619 aDonated by: Alaa Abdel Ghany  aIncludes bibliographical references. 0aInternational law.99620 2ddccBB c13033d13033 00102ddc40708 aMAINbMAINc1STd2009-12-14eDonationl3m3o341 SCHp000019256r2025-07-15 00:00:00s2014-04-10yBBzdonated by Alaa AbdelGhaney